Probability theory

Salvato in:
Dettagli Bibliografici
Autore principale: Varadhan, S. R. Srinivasa (Autore)
Natura: Libro
Lingua:inglese
Pubblicazione: Nueva York Courant Institute Mathematical Sciences 2001
Nueva York American Mathematical Society 2001
Edizione:1a. ed
Serie:Courant Lectures Notes in Mathematics, 7
Soggetti:
Tags: Aggiungi Tag
Nessun Tag, puoi essere il primo ad aggiungerne!!

MARC

LEADER 00000cam a2200000 a 4500
001 UCD3204
003 CL-VaPUC
008 160526e20010000us |||||||||||||||||eng|d
020 |a 0821828525 
082 0 4 |a 519.2  |b VAR  |2 21 
100 0 |a Varadhan, S. R. Srinivasa  |e author  |9 586561 
245 1 0 |a Probability theory 
250 |a 1a. ed 
300 |a 167 p 
942 |c BK 
945 |d 20160526 21:26:00  |a arojas 
260 |a Nueva York  |b Courant Institute Mathematical Sciences  |c 2001 
260 |a Nueva York  |b American Mathematical Society  |c 2001 
650 0 |a Teoría de las probabilidades   |9 263762 
650 0 |a Variables aleatorias   |9 270745 
650 7 |a TEORIA DE LIMITES  |2 CL-VaPUC  |9 424818 
583 |a last modification  |c 20160526 21:26:00  |k Rodrigo Vera 
490 0 |a Courant Lectures Notes in Mathematics, 7 
999 |c 364241  |d 364239 
952 |0 0  |1 0  |3 erb  |4 0  |6 519_200000000000000_VAR_2001_2001  |7 0  |8 A  |9 477220  |a BIBMAT  |b BIBMAT  |i 5288118  |l 4  |m 2  |o 519.2 VAR 2001 2001  |p 5288118  |r 2025-04-28  |s 2025-03-24  |w 2019-11-24  |y BK  |z Catalogado en:20160526  |k MAT